UBT Library

bBiology understanding life: (Record no. 1915)

000 -LEADER
fixed length control field 00288nam a22001217a 4500
008 - FIXED-LENGTH DATA ELEMENTS--GENERAL INFORMATION
fixed length control field 160507b xxu||||| |||| 00| 0 eng d
020 ## - INTERNATIONAL STANDARD BOOK NUMBER
International Standard Book Number 9780763708375
020 ## - INTERNATIONAL STANDARD BOOK NUMBER
International Standard Book Number 0763708372
041 ## - LANGUAGE CODE
Language code of text/sound track or separate title eng
080 ## - UNIVERSAL DECIMAL CLASSIFICATION NUMBER
Universal Decimal Classification number 573
245 ## - TITLE STATEMENT
Title bBiology understanding life:
Statement of responsibility, etc Sandra Alters;
942 ## - ADDED ENTRY ELEMENTS (KOHA)
Source of classification or shelving scheme
Item type Books
Holdings
Withdrawn status Lost status Source of classification or shelving scheme Damaged status Not for loan Collection code Permanent location Current location Shelving location Date acquired Total Checkouts Full call number Barcode Date last seen Price effective from Koha item type
          Koleksioni i përgjithshem UBT - Lipjan UBT - Lipjan Koleksioni i përgjithshem 05/07/2016   573 ALT 002-028424 05/07/2016 05/07/2016 Books
          Koleksioni i përgjithshem UBT - Lipjan UBT - Lipjan Koleksioni i përgjithshem 05/21/2021   573 ALT 002-7002780 05/21/2021 05/21/2021 Books
UBT Library © 2015-2024. All rights reserved University Education for Business and Technology